[Event "Miedzynarodowy Turniej Szachowy w Kowale"]
[Site "UKS Orlik Kowalewo Pomorskie"]
[Date "2008.07.07"]
[Round "5.7"]
[White "Rogala, Robert"]
[Black "Zielinski, Stanislaw"]
[Result "1-0"]
[WhiteElo "2007"]
[BlackElo "2145"]
[PlyCount "107"]
[EventDate "2008.??.??"]

1. d4 Nf6 2. c4 g6 3. Nc3 Bg7 4. e4 d6 5. f3 O-O 6. Be3 e5 7. d5 c6 8. Qd2 cxd5
9. cxd5 a6 10. Nge2 b5 11. Bh6 b4 12. Nd1 Nxe4 13. fxe4 Qh4+ 14. g3 Qxh6 15.
Qxb4 f5 16. Bg2 fxe4 17. Qxe4 Nd7 18. Qe3 Qh5 19. Nf2 Bh6 20. Qc3 a5 21. h4 Nc5
22. g4 Bxg4 23. Ng3 Na4 24. Nxh5 Nxc3 25. Nxg4 Bf4 26. Nxf4 Rxf4 27. bxc3 Rxg4
28. Bf3 Rf4 29. Ke2 Rc8 30. Rac1 Rcc4 31. Ke3 Kg7 32. Rc2 Kf6 33. Be2 Rce4+ 34.
Kd2 Rxh4 35. Rxh4 Rxh4 36. c4 h5 37. c5 dxc5 38. Rxc5 g5 39. Ke3 Rh3+ 40. Kf2
Rh2+ 41. Kf1 Ke7 42. Rc6 Rh1+ 43. Kg2 Ra1 44. Bc4 Rc1 45. Re6+ Kd8 46. Bb3 Re1
47. Rh6 Re4 48. d6 Rg4+ 49. Kf3 Rf4+ 50. Ke3 Kd7 51. Rxh5 Kxd6 52. Rxg5 Rh4 53.
Rg6+ Kd7 54. Ra6 1-0

[Event "Miedzynarodowy Turniej Szachowy w Kowale"]
[Site "UKS Orlik Kowalewo Pomorskie"]
[Date "2008.07.07"]
[Round "5.8"]
[White "Wisniewski, Adam"]
[Black "Flazinski, Jozef"]
[Result "1/2-1/2"]
[WhiteElo "2090"]
[BlackElo "2036"]
[PlyCount "106"]
[EventDate "2008.??.??"]

1. e4 c5 2. c3 d5 3. exd5 Qxd5 4. d4 Nf6 5. Nf3 Bg4 6. Be2 e6 7. h3 Bh5 8. O-O
Nc6 9. Be3 cxd4 10. Nxd4 Bxe2 11. Qxe2 Nxd4 12. Bxd4 Be7 13. Rd1 Qc6 14. c4 O-O
15. Nd2 Rfd8 16. Nf3 a6 17. a3 Rac8 18. Rac1 Qe4 19. Qxe4 Nxe4 20. b4 f6 21. c5
Rd5 22. Be3 Nc3 23. Rxd5 Nxd5 24. Bd2 Kf7 25. Kf1 b6 26. cxb6 Rxc1+ 27. Bxc1
Nxb6 28. Nd4 Bd6 29. Ke2 Ke7 30. Kd3 Kd7 31. Nb3 Kc6 32. Na5+ Kb5 33. Kc3 Be5+
34. Kb3 Bd4 35. f3 e5 36. Nb7 Kc6 37. Nd8+ Kd7 38. Nb7 Kc6 39. Nd8+ Kd5 40. a4
f5 41. b5 axb5 42. axb5 e4 43. Nc6 e3 44. Nb4+ Kc5 45. f4 e2 46. Bd2 Nc4 47.
Na6+ Kxb5 48. Nc7+ Kc6 49. Kxc4 Bf2 50. Ne6 e1=Q 51. Bxe1 Bxe1 52. Nxg7 Bg3 53.
Nxf5 Bxf4 1/2-1/2

[Event "Miedzynarodowy Turniej Szachowy w Kowale"]
[Site "UKS Orlik Kowalewo Pomorskie"]
[Date "2008.07.07"]
[Round "5.9"]
[White "Marchlewicz, Kamil"]
[Black "Sosnowski, Daniel"]
[Result "1/2-1/2"]
[WhiteElo "2045"]
[BlackElo "1959"]
[PlyCount "126"]
[EventDate "2008.??.??"]

1. c4 Nf6 2. Nc3 e6 3. e3 d5 4. d4 c6 5. Nf3 Bd6 6. Bd3 Nbd7 7. e4 dxe4 8. Bxe4
h6 9. O-O O-O 10. Re1 Nxe4 11. Nxe4 Bc7 12. Bd2 a5 13. Rc1 b5 14. Qc2 Bb6 15.
c5 Bc7 16. b4 axb4 17. Bxb4 Nf6 18. Nxf6+ Qxf6 19. Qe4 Bd7 20. a3 Rfd8 21. Rcd1
Be8 22. Ne5 Rd5 23. Rd3 Rad8 24. f4 Qf5 25. Rdd1 f6 26. Nf3 Qxe4 27. Rxe4 Bf7
28. g3 e5 29. f5 g6 30. Nh4 Rxd4 31. Rdxd4 Rxd4 32. Rxd4 exd4 33. fxg6 Be6 34.
Nf3 Be5 35. Bd2 Kg7 36. Bf4 Bxf4 37. gxf4 d3 38. Kf2 Kxg6 39. Nd4 Bd7 40. Ke3
Kh5 41. Kxd3 Kg4 42. Ke4 Kh3 43. Nf3 h5 44. f5 Kg4 45. Nd4 h4 46. Ne6 Kh3 47.
Nf8 Bc8 48. Nh7 Kxh2 49. Nxf6 Kg3 50. Nh5+ Kg4 51. f6 Be6 52. Nf4 Bf7 53. Ke5
h3 54. Nxh3 Kxh3 55. Kd6 Bd5 56. f7 Bxf7 57. Kxc6 Be8+ 58. Kb6 Kg4 59. c6 Kf5
60. Kxb5 Ke6 61. Kb6 Kd6 62. c7 Bd7 63. a4 Bc8 1/2-1/2

[Event "Miedzynarodowy Turniej Szachowy w Kowale"]
[Site "UKS Orlik Kowalewo Pomorskie"]
[Date "2008.07.07"]
[Round "5.10"]
[White "Tarkowski, Michal"]
[Black "Klugiewicz, Jozef"]
[Result "0-1"]
[WhiteElo "2073"]
[BlackElo "1999"]
[PlyCount "66"]
[EventDate "2008.??.??"]

1. d4 Nf6 2. c4 d6 3. Nc3 e5 4. Bg5 exd4 5. Qxd4 Be7 6. Nf3 Nc6 7. Qd2 Be6 8.
e3 h6 9. Bh4 g5 10. Bg3 Nh5 11. Be2 Nxg3 12. hxg3 Bf6 13. Nd4 Qd7 14. O-O O-O-O
15. Ncb5 Kb8 16. Rfc1 a6 17. a4 g4 18. Nxc6+ Qxc6 19. Nd4 Bxd4 20. Qxd4 h5 21.
b4 Bc8 22. b5 Qc5 23. Qc3 Ka7 24. a5 h4 25. b6+ cxb6 26. axb6+ Kxb6 27. gxh4
Rxh4 28. g3 Rh5 29. Bf1 Bd7 30. Qf6 Rdh8 31. Rcb1+ Ka7 32. Bg2 Bc6 33. Qxf7
Rh1+ 0-1

[Event "Miedzynarodowy Turniej Szachowy w Kowale"]
[Site "UKS Orlik Kowalewo Pomorskie"]
[Date "2008.07.07"]
[Round "5.11"]
[White "Staroszczyk, Mateusz"]
[Black "Zurkowski, Andrzej"]
[Result "0-1"]
[WhiteElo "2027"]
[BlackElo "2062"]
[PlyCount "72"]
[EventDate "2008.??.??"]

1. d4 c5 2. Nf3 cxd4 3. Nxd4 g6 4. Nc3 Bg7 5. e4 d6 6. Be3 Nf6 7. Be2 O-O 8.
O-O Nc6 9. Kh1 Bd7 10. f4 Rc8 11. Bf3 a6 12. a4 Na5 13. Qe2 e5 14. Nb3 Nc4 15.
Rab1 Nxb2 16. Rxb2 Rxc3 17. Qd2 Qc7 18. a5 Rc8 19. Rf2 Qc4 20. fxe5 Nxe4 21.
Bxe4 Qxe4 22. Bd4 Bxe5 23. Bxe5 Qxe5 24. Nd4 R3c4 25. Rb4 Qxa5 26. Qf4 Qa1+ 27.
Rf1 Qxf1+ 28. Qxf1 Rxb4 29. Qd1 a5 30. h4 h5 31. Qd2 Rb1+ 32. Kh2 a4 33. Nf3 a3
34. Qh6 Rc5 35. Ng5 Rxg5 36. Qxg5 Be6 0-1

[Event "Miedzynarodowy Turniej Szachowy w Kowale"]
[Site "UKS Orlik Kowalewo Pomorskie"]
[Date "2008.07.07"]
[Round "5.12"]
[White "Krzywkowski, Marcin"]
[Black "Plichta, Kamil"]
[Result "0-1"]
[WhiteElo "1909"]
[BlackElo "2014"]
[PlyCount "102"]
[EventDate "2008.??.??"]

1. e4 c5 2. Nf3 d6 3. d4 cxd4 4. Nxd4 Nf6 5. Nc3 g6 6. Be3 Bg7 7. f3 O-O 8. Bc4
Nc6 9. Qd2 Bd7 10. O-O-O Rc8 11. Bb3 Ne5 12. g4 Nc4 13. Bxc4 Rxc4 14. h4 h5 15.
gxh5 Nxh5 16. Kb1 b5 17. Rhg1 b4 18. Nce2 a5 19. Bh6 Rc5 20. Ng3 Nxg3 21. Rxg3
Rh5 22. Bxg7 Kxg7 23. Rdg1 e5 24. Ne2 Bb5 25. f4 Bxe2 26. Qxe2 Qxh4 27. Rg4 Qe7
28. Rxg6+ fxg6 29. Qxh5 Rf6 30. f5 Qf7 31. b3 Qe8 32. Qg5 Qh8 33. Kb2 Qh3 34.
Rg3 Qh6 35. c3 Qh2+ 36. Rg2 Qf4 37. cxb4 axb4 38. Qxf4 exf4 39. Rg4 f3 40. Rf4
d5 41. Rxf3 dxe4 42. Rg3 Rxf5 43. Re3 Re5 44. a3 bxa3+ 45. Kxa3 Kf6 46. b4 Kf5
47. Ka4 Kf4 48. Re1 e3 49. b5 e2 50. b6 Kf3 51. b7 Re8 0-1

[Event "Miedzynarodowy Turniej Szachowy w Kowale"]
[Site "UKS Orlik Kowalewo Pomorskie"]
[Date "2008.07.07"]
[Round "5.13"]
[White "Zebracki, Jaroslaw"]
[Black "Sankiewicz, Grzegorz"]
[Result "0-1"]
[WhiteElo "1906"]
[BlackElo "2002"]
[PlyCount "94"]
[EventDate "2008.??.??"]

1. e4 c5 2. c3 d5 3. exd5 Qxd5 4. d4 Nf6 5. Nf3 Nc6 6. Be2 e6 7. O-O Be7 8. Be3
cxd4 9. cxd4 Qd8 10. Nc3 O-O 11. Qb3 b6 12. Rad1 Bb7 13. Rfe1 Na5 14. Qc2 Rc8
15. Bg5 h6 16. Bxf6 Bxf6 17. Ne5 Bxe5 18. dxe5 Qg5 19. g3 Qxe5 20. Bg4 Qc7 21.
Qe2 a6 22. f3 Nc4 23. Rc1 h5 24. Bh3 b5 25. Kg2 Qb6 26. b3 Nd6 27. Ne4 Nxe4 28.
fxe4 f5 29. Rxc8 Bxe4+ 30. Qxe4 fxe4 31. Rxf8+ Kxf8 32. Rxe4 Qc6 33. Kf3 Qc3+
34. Kf2 e5 35. Bg2 Ke7 36. Re3 Qd2+ 37. Re2 Qd4+ 38. Re3 g5 39. Be4 Kf6 40. h4
g4 41. Ba8 Kf5 42. Bb7 e4 43. Bxe4+ Qxe4 44. Rxe4 Kxe4 45. Ke2 b4 46. Kf2 Kd3
47. Kg2 Ke2 0-1

[Event "Miedzynarodowy Turniej Szachowy w Kowale"]
[Site "UKS Orlik Kowalewo Pomorskie"]
[Date "2008.07.08"]
[Round "6.1"]
[White "Murawski, Wieslaw"]
[Black "Jaroch, Karol"]
[Result "1-0"]
[WhiteElo "2097"]
[BlackElo "2158"]
[PlyCount "61"]
[EventDate "2008.??.??"]

1. e4 d5 2. exd5 Qxd5 3. Nc3 Qd6 4. d4 a6 5. Nf3 Nf6 6. Be3 Nc6 7. Qd2 Bg4 8.
Ng5 e5 9. Bc4 Bh5 10. d5 Ne7 11. O-O Rd8 12. Nge4 Qb4 13. Nxf6+ gxf6 14. Ne4
Ng8 15. Qxb4 Bxb4 16. f4 b5 17. Bb3 Be2 18. Rf2 Bc4 19. Bxc4 bxc4 20. fxe5 fxe5
21. Raf1 Rd7 22. c3 Bf8 23. b3 cxb3 24. axb3 Rxd5 25. Rxf7 Be7 26. Bg5 Rd3 27.
R7f3 Rd5 28. Bxe7 Kxe7 29. Rf7+ Kd8 30. Rf8+ Kd7 31. Rxg8 1-0

[Event "Miedzynarodowy Turniej Szachowy w Kowale"]
[Site "UKS Orlik Kowalewo Pomorskie"]
[Date "2008.07.08"]
[Round "6.2"]
[White "Maciejewski, Miroslaw"]
[Black "Budrewicz, Krzysztof"]
[Result "1/2-1/2"]
[WhiteElo "2295"]
[BlackElo "2333"]
[PlyCount "82"]
[EventDate "2008.??.??"]

1. Nf3 g6 2. d4 Nf6 3. Bg5 Bg7 4. Nbd2 h6 5. Bh4 d6 6. e3 O-O 7. Be2 Nbd7 8.
O-O c5 9. c3 b6 10. a4 a6 11. e4 g5 12. Bg3 Nh5 13. Nc4 Nxg3 14. hxg3 Rb8 15.
Ne3 e6 16. d5 exd5 17. Nxd5 Nf6 18. Qd3 Nxd5 19. exd5 b5 20. axb5 axb5 21. Nd2
Re8 22. Rfe1 Bd7 23. Nf1 b4 24. Ne3 bxc3 25. bxc3 Rb3 26. Rec1 Qf6 27. Ra6 Bb5
28. Qxb5 Rxb5 29. Bxb5 Rb8 30. c4 Qb2 31. Rf1 Qe5 32. g4 h5 33. gxh5 g4 34. g3
Rd8 35. h6 Bh8 36. Ra7 Qh5 37. Bd7 Bd4 38. Bxg4 Qxh6 39. Nf5 Qg5 40. Re1 Rb8
41. Re4 Bg7 1/2-1/2

[Event "Miedzynarodowy Turniej Szachowy w Kowale"]
[Site "UKS Orlik Kowalewo Pomorskie"]
[Date "2008.07.08"]
[Round "6.3"]
[White "Nguyen, Piotr"]
[Black "Jaroch, Pawel"]
[Result "1-0"]
[WhiteElo "2329"]
[BlackElo "2255"]
[PlyCount "143"]
[EventDate "2008.??.??"]

1. f4 c5 2. Nf3 Nc6 3. g3 g6 4. Bg2 Bg7 5. O-O e6 6. d3 Nge7 7. Na3 O-O 8. Qe1
d5 9. Rb1 Rb8 10. c3 d4 11. c4 a6 12. Bd2 b5 13. cxb5 axb5 14. b4 cxb4 15. Nc2
Nd5 16. Nxb4 Ncxb4 17. Bxb4 Ne3 18. Bxf8 Qxf8 19. Rf2 Ng4 20. Rf1 Ne3 21. Qb4
Nxf1 22. Kxf1 Qxb4 23. Rxb4 Bf8 24. Rxd4 Bb7 25. Ne5 Bxg2+ 26. Kxg2 Ra8 27. Kf3
Rxa2 28. Rd8 Kg7 29. Rd7 Ra6 30. Rxf7+ Kg8 31. Rb7 b4 32. Ng4 Bd6 33. e4 h5 34.
Nf6+ Kf8 35. e5 Be7 36. Nd7+ Ke8 37. Nb8 Ra3 38. Nc6 Bc5 39. Ke4 Ra6 40. d4
Rxc6 41. dxc5 Rxc5 42. Rxb4 Rc2 43. Rb8+ Kf7 44. Rb7+ Kf8 45. f5 Rc4+ 46. Kd3
Rc5 47. Kd4 Rd5+ 48. Ke4 gxf5+ 49. Kf4 Kg8 50. Kg5 h4 51. Kg6 Kf8 52. gxh4 Rd4
53. h5 Rg4+ 54. Kf6 Kg8 55. Kxe6 f4 56. Kf5 Rh4 57. Kg5 Rxh2 58. Rb4 f3 59. Rf4
Re2 60. Kf6 f2 61. e6 Ra2 62. h6 Ra8 63. Kg6 Ra2 64. Kf6 Ra8 65. Ke7 Ra7+ 66.
Kd6 Ra6+ 67. Ke5 Ra5+ 68. Kf6 Ra8 69. Kg6 Re8 70. h7+ Kh8 71. Kf7 Ra8 72. Rxf2
1-0

[Event "Miedzynarodowy Turniej Szachowy w Kowale"]
[Site "UKS Orlik Kowalewo Pomorskie"]
[Date "2008.07.08"]
[Round "6.4"]
[White "Khamitskiy, Sergei"]
[Black "Paprocki, Jaroslaw"]
[Result "1/2-1/2"]
[WhiteElo "2324"]
[BlackElo "2218"]
[PlyCount "63"]
[EventDate "2008.??.??"]

1. d4 Nf6 2. c4 e6 3. g3 Bb4+ 4. Bd2 Be7 5. Bg2 d5 6. Nf3 c6 7. Qc2 Nbd7 8. O-O
b6 9. b3 Ba6 10. a4 O-O 11. a5 c5 12. cxd5 exd5 13. Nc3 Bd6 14. Rfe1 Rc8 15.
axb6 Qxb6 16. Qa2 cxd4 17. Nxd5 Nxd5 18. Qxa6 Bc5 19. Qd3 Nb4 20. Bxb4 Bxb4 21.
Red1 Bc3 22. Ra6 Nc5 23. Rxb6 Nxd3 24. Rb7 Nb2 25. Rb1 Rce8 26. Kf1 a5 27. Rc1
Rb8 28. Ne5 Rxb7 29. Bxb7 Re8 30. Nf3 Kf8 31. e3 Nd3 32. Rc2 1/2-1/2

[Event "Miedzynarodowy Turniej Szachowy w Kowale"]
[Site "UKS Orlik Kowalewo Pomorskie"]
[Date "2008.07.08"]
[Round "6.5"]
[White "Rogala, Robert"]
[Black "Krasiewicz, Robert"]
[Result "0-1"]
[WhiteElo "2007"]
[BlackElo "2136"]
[PlyCount "78"]
[EventDate "2008.??.??"]

1. d4 f5 2. Bg5 g6 3. g3 Bg7 4. Bg2 c5 5. c3 cxd4 6. Nf3 Nc6 7. O-O Qb6 8. Qb3
Qxb3 9. axb3 h6 10. Bd2 e5 11. Na3 Nge7 12. Nb5 O-O 13. cxd4 e4 14. Ne5 Nxd4
15. Nxd4 Bxe5 16. Nb5 Kg7 17. Rxa7 Rxa7 18. Nxa7 Nc6 19. Nxc8 Rxc8 20. Bc3 d5
21. Bxe5+ Nxe5 22. Rd1 Rc5 23. f3 Rb5 24. g4 Kf6 25. h4 Ke6 26. h5 exf3 27.
exf3 gxh5 28. gxf5+ Kxf5 29. Rd4 Rxb3 30. f4 Rd3 31. Rxd5 Kxf4 32. Rb5 Ng4 33.
Kf1 h4 34. Bxb7 h3 35. Ke2 Re3+ 36. Kd2 Rg3 37. Rb4+ Kg5 38. Rb5+ Kh4 39. b4 h2
0-1

[Event "Miedzynarodowy Turniej Szachowy w Kowale"]
[Site "UKS Orlik Kowalewo Pomorskie"]
[Date "2008.07.08"]
[Round "6.6"]
[White "Kubicki, Marek"]
[Black "Marchlewicz, Kamil"]
[Result "1-0"]
[WhiteElo "2154"]
[BlackElo "2045"]
[PlyCount "43"]
[EventDate "2008.??.??"]

1. e4 e5 2. Nf3 Nc6 3. Bc4 Bc5 4. O-O Nf6 5. d3 d6 6. h3 Be6 7. Bb5 Qd7 8. c3
a6 9. Bxc6 bxc6 10. d4 exd4 11. cxd4 Bb6 12. Nc3 O-O 13. Re1 h6 14. Bf4 Nh5 15.
Bh2 f5 16. Nh4 Qf7 17. e5 f4 18. exd6 cxd6 19. Rxe6 Qxe6 20. Qxh5 Bxd4 21. Ng6
Rf5 22. Qxf5 1-0

[Event "Miedzynarodowy Turniej Szachowy w Kowale"]
[Site "UKS Orlik Kowalewo Pomorskie"]
[Date "2008.07.08"]
[Round "6.7"]
[White "Zurkowski, Andrzej"]
[Black "Walkusz, Witoslaw"]
[Result "0-1"]
[WhiteElo "2062"]
[BlackElo "2151"]
[PlyCount "76"]
[EventDate "2008.??.??"]

1. b3 e5 2. Bb2 Nc6 3. e3 d5 4. Bb5 e4 5. Bxc6+ bxc6 6. Ne2 Qg5 7. c4 Qxg2 8.
Rg1 Qxh2 9. Qc2 Ne7 10. Nbc3 Bd7 11. O-O-O Qd6 12. d3 exd3 13. Qxd3 Bf5 14. Qd4
Be6 15. Qh4 Ng6 16. Qh1 O-O-O 17. e4 Nf4 18. Nd4 dxc4 19. bxc4 Qc5 20. Nxe6
Rxd1+ 21. Rxd1 Nxe6 22. Qf3 Qxc4 23. Qxf7 Bb4 24. Rd7 Bd6 25. Rxd6 cxd6 26.
Qxa7 Nc7 27. Kc2 h5 28. Qe3 h4 29. Qh3+ Qe6 30. Qh1 h3 31. Nd1 Qxa2 32. Ne3 h2
33. Nf5 Nb5 34. e5 Na3+ 35. Kc3 Rh3+ 36. Ne3 Rxe3+ 37. fxe3 Qc4+ 38. Kd2 Qc2+
0-1

[Event "Miedzynarodowy Turniej Szachowy w Kowale"]
[Site "UKS Orlik Kowalewo Pomorskie"]
[Date "2008.07.08"]
[Round "6.8"]
[White "Flazinski, Jozef"]
[Black "Kuchnio, Przemyslaw"]
[Result "0-1"]
[WhiteElo "2036"]
[BlackElo "2091"]
[PlyCount "102"]
[EventDate "2008.??.??"]

1. e4 Nf6 2. e5 Nd5 3. d4 d6 4. Nf3 dxe5 5. Nxe5 c6 6. Bc4 Nd7 7. Nc3 e6 8. Ne4
Nxe5 9. dxe5 Qc7 10. Qh5 b5 11. Bd3 Nb4 12. O-O Nxd3 13. cxd3 Bb7 14. Bf4 c5
15. Rfe1 Bxe4 16. Rxe4 Rd8 17. Qe2 Be7 18. Rc1 Qb7 19. Be3 Rd5 20. d4 c4 21.
Rg4 g5 22. Qf3 h5 23. Rxg5 Bxg5 24. Bxg5 Rd7 25. Qf4 Qd5 26. Rd1 Rg8 27. h4 a5
28. Qf6 Qe4 29. a4 b4 30. Rc1 Qxd4 31. Qf3 Rxg5 32. hxg5 Qxe5 33. Rxc4 Qxg5 34.
b3 Qe5 35. Rc1 Rd5 36. g3 Qf5 37. Qe3 Qg5 38. Qxg5 Rxg5 39. Kf1 Rd5 40. Ke2 Kd7
41. Rc4 Kd6 42. Ke3 Rc5 43. Rxc5 Kxc5 44. Ke4 f6 45. f3 Kd6 46. f4 e5 47. Kf5
Kd5 48. Kxf6 exf4 49. gxf4 h4 50. Kg5 h3 51. f5 h2 0-1

[Event "Miedzynarodowy Turniej Szachowy w Kowale"]
[Site "UKS Orlik Kowalewo Pomorskie"]
[Date "2008.07.08"]
[Round "6.9"]
[White "Klugiewicz, Jozef"]
[Black "Wisniewski, Adam"]
[Result "0-1"]
[WhiteElo "1999"]
[BlackElo "2090"]
[PlyCount "78"]
[EventDate "2008.??.??"]

1. Nf3 Nf6 2. g3 g6 3. b3 Bg7 4. Bb2 O-O 5. Bg2 c5 6. c4 Nc6 7. O-O d6 8. d4
Ng4 9. h3 Nh6 10. e3 cxd4 11. Nxd4 Qb6 12. Nxc6 bxc6 13. Bxg7 Kxg7 14. Qd4+
Qxd4 15. exd4 Bd7 16. Nc3 Nf5 17. Rfd1 a5 18. Na4 Rab8 19. Rac1 Rfd8 20. c5 d5
21. g4 Nh4 22. Bxd5 cxd5 23. c6 Bxc6 24. Rxc6 Rb4 25. Rc3 g5 26. Nc5 Ng6 27. a3
Rb6 28. Nd3 Nf4 29. Nxf4 gxf4 30. Kg2 Rdb8 31. Rdd3 Kf6 32. Kf3 Kg5 33. h4+
Kxh4 34. Kxf4 Rf6+ 35. Ke5 Rd8 36. Rh3+ Kg5 37. f4+ Kg6 38. f5+ Kg5 39. Rcg3
Re6+ 0-1

[Event "Miedzynarodowy Turniej Szachowy w Kowale"]
[Site "UKS Orlik Kowalewo Pomorskie"]
[Date "2008.07.08"]
[Round "6.10"]
[White "Zielinski, Stanislaw"]
[Black "Sosnowski, Daniel"]
[Result "1/2-1/2"]
[WhiteElo "2145"]
[BlackElo "1959"]
[PlyCount "42"]
[EventDate "2008.??.??"]

1. e4 e5 2. Nf3 Nf6 3. Nc3 Nc6 4. Bc4 Nxe4 5. Nxe4 d5 6. Bd3 dxe4 7. Bxe4 Bd6
8. Bxc6+ bxc6 9. d4 e4 10. Qe2 O-O 11. Ne5 Bb4+ 12. c3 Qxd4 13. cxb4 Qxe5 14.
O-O a5 15. Re1 axb4 16. Qxe4 Qxe4 17. Rxe4 Be6 18. Rxb4 Bxa2 19. Bf4 Bd5 20.
Rxa8 Rxa8 21. h3 c5 1/2-1/2

[Event "Miedzynarodowy Turniej Szachowy w Kowale"]
[Site "UKS Orlik Kowalewo Pomorskie"]
[Date "2008.07.08"]
[Round "6.11"]
[White "Sankiewicz, Grzegorz"]
[Black "Kobus, Maciej"]
[Result "1/2-1/2"]
[WhiteElo "2002"]
[BlackElo "2004"]
[PlyCount "86"]
[EventDate "2008.??.??"]

1. d4 Nf6 2. Nf3 g6 3. g3 Bg7 4. Bg2 O-O 5. O-O d6 6. c4 c5 7. Nc3 Nc6 8. h3 a6
9. d5 Ne5 10. Nd2 Rb8 11. a4 Bd7 12. Qc2 b5 13. axb5 axb5 14. cxb5 Bxb5 15.
Nxb5 Rxb5 16. Ra3 Qb6 17. Nc4 Nxc4 18. Qxc4 Nd7 19. Qa4 Rb8 20. Qa7 Qxa7 21.
Rxa7 R5b7 22. Rxb7 Rxb7 23. Bg5 Nf8 24. Rb1 h6 25. Bc1 f5 26. e4 Rb4 27. exf5
gxf5 28. Bd2 Rxb2 29. Rxb2 Bxb2 30. Bxh6 Nd7 31. Kf1 Kf7 32. Bf4 Be5 33. Be3 e6
34. f4 Bg7 35. dxe6+ Kxe6 36. Bc6 Bf8 37. g4 fxg4 38. f5+ Ke7 39. Bg5+ Nf6 40.
hxg4 Kf7 41. Bf3 d5 42. Bxf6 Kxf6 43. Bxd5 Bh6 1/2-1/2

[Event "Miedzynarodowy Turniej Szachowy w Kowale"]
[Site "UKS Orlik Kowalewo Pomorskie"]
[Date "2008.07.08"]
[Round "6.12"]
[White "Plichta, Kamil"]
[Black "Tarkowski, Michal"]
[Result "1/2-1/2"]
[WhiteElo "2014"]
[BlackElo "2073"]
[PlyCount "89"]
[EventDate "2008.??.??"]

1. b3 d5 2. Bb2 c5 3. e3 Nc6 4. Bb5 Nf6 5. Nf3 Bg4 6. O-O e6 7. d3 Be7 8. Nbd2
O-O 9. Bxc6 bxc6 10. Qe1 Bxf3 11. Nxf3 Nd7 12. Ne5 Nxe5 13. Bxe5 Bf6 14. Qc3
Bxe5 15. Qxe5 Qb8 16. Qh5 g6 17. Qg5 f6 18. Qg4 f5 19. Qg3 Qxg3 20. hxg3 Rab8
21. f4 Kg7 22. d4 cxd4 23. exd4 c5 24. Rfe1 Kf6 25. dxc5 Rfc8 26. Re5 Rxc5 27.
c4 Rbc8 28. Rc1 dxc4 29. Rxc5 Rxc5 30. bxc4 e5 31. Kf2 e4 32. a3 Rc8 33. Ke3
Rd8 34. Rc3 Ke6 35. g4 Kd6 36. gxf5 gxf5 37. g4 fxg4 38. Kxe4 Rg8 39. Rc1 h5
40. Rh1 g3 41. Kf3 g2 42. Rg1 Kc5 43. Rxg2 Rxg2 44. Kxg2 Kxc4 45. Kg3 1/2-1/2

[Event "Miedzynarodowy Turniej Szachowy w Kowale"]
[Site "UKS Orlik Kowalewo Pomorskie"]
[Date "2008.07.08"]
[Round "6.13"]
[White "Zebracki, Jaroslaw"]
[Black "Krzywkowski, Marcin"]
[Result "1/2-1/2"]
[WhiteElo "1906"]
[BlackElo "1909"]
[PlyCount "57"]
[EventDate "2008.??.??"]

1. e4 c5 2. Nf3 d6 3. c3 Nf6 4. Be2 Nc6 5. d4 cxd4 6. cxd4 Nxe4 7. d5 Qa5+ 8.
Nc3 Nb8 9. O-O Nxc3 10. bxc3 g6 11. Qd4 f6 12. Rb1 Qc5 13. Bb5+ Kf7 14. Qf4 Bf5
15. Rb3 h5 16. Nh4 Bc2 17. Be3 Bh6 18. Be8+ Kf8 19. Nxg6+ Bxg6 20. Qg3 Bxe3 21.
Qxg6 Qxd5 22. Rb5 Qe6 23. Re1 Rg8 24. Qxh5 Qxa2 25. Rb2 Qc4 26. Rxe3 Rg5 27.
Qh7 Rg7 28. Qh8+ Rg8 29. Qh5 1/2-1/2

[Event "Miedzynarodowy Turniej Szachowy w Kowale"]
[Site "UKS Orlik Kowalewo Pomorskie"]
[Date "2008.07.09"]
[Round "7.1"]
[White "Nguyen, Piotr"]
[Black "Murawski, Wieslaw"]
[Result "1/2-1/2"]
[WhiteElo "2329"]
[BlackElo "2097"]
[PlyCount "138"]
[EventDate "2008.??.??"]

1. f4 d5 2. g3 Nf6 3. Bg2 e6 4. Nh3 Be7 5. O-O O-O 6. Nf2 c5 7. d3 Nc6 8. Nd2
d4 9. c4 Qc7 10. Nf3 Bd7 11. Kh1 Rfd8 12. e4 dxe3 13. Bxe3 Be8 14. Qe2 Rac8 15.
Rad1 a6 16. b3 h6 17. Ne4 Nxe4 18. dxe4 Rxd1 19. Rxd1 Rd8 20. Kg1 Qa5 21. Rxd8
Qxd8 22. Qd2 Qxd2 23. Bxd2 Nb4 24. a3 Nc2 25. Bc1 Bc6 26. Nd2 Bd8 27. Bb2 Ba5
28. Nb1 Ne3 29. Bh1 b5 30. Bf3 bxc4 31. Kf2 Bxe4 32. Kxe3 Bxb1 33. bxc4 Bc7 34.
Bc3 f6 35. Bb7 a5 36. Bc6 Kf7 37. Bb7 Ba2 38. Ba6 Ke7 39. Kd2 Bb1 40. Ke3 Kd6
41. Bb7 Bd8 42. h4 Bc2 43. Bc8 a4 44. Kd2 Bb3 45. Ba6 g5 46. hxg5 hxg5 47. Ke3
gxf4+ 48. gxf4 e5 49. Be1 Be7 50. Bh4 exf4+ 51. Kxf4 Bf8 52. Bxf6 Bh6+ 53. Bg5
Bxg5+ 54. Kxg5 Ke5 55. Bb5 Kd4 56. Kf4 Bxc4 57. Bxa4 Kc3 58. Ke5 Ba6 59. Kd5 c4
60. Kc5 Kb2 61. Kb4 c3 62. Bb3 Bd3 63. a4 Bc2 64. Bxc2 Kxc2 65. a5 Kd3 66. a6
c2 67. a7 c1=Q 68. a8=Q Qc4+ 69. Ka3 Qc5+ 1/2-1/2

[Event "Miedzynarodowy Turniej Szachowy w Kowale"]
[Site "UKS Orlik Kowalewo Pomorskie"]
[Date "2008.07.09"]
[Round "7.2"]
[White "Paprocki, Jaroslaw"]
[Black "Maciejewski, Miroslaw"]
[Result "0-1"]
[WhiteElo "2218"]
[BlackElo "2295"]
[PlyCount "56"]
[EventDate "2008.??.??"]

1. d4 Nf6 2. c4 g6 3. Nc3 Bg7 4. e4 d6 5. f3 O-O 6. Be3 b6 7. Bd3 a6 8. Nge2 c5
9. e5 Ne8 10. exd6 Nxd6 11. dxc5 bxc5 12. Bxc5 Nd7 13. Be3 Ne5 14. c5 Bf5 15.
Be4 Ndc4 16. Qxd8 Raxd8 17. Bg5 f6 18. Bxf5 gxf5 19. Bc1 Nd3+ 20. Kf1 Ncxb2 21.
Bxb2 Nxb2 22. Nf4 Rd2 23. Ne6 Rc8 24. Re1 Bh6 25. Re2 Kf7 26. Rxd2 Bxd2 27. Nb1
Be3 28. Ke2 f4 0-1

[Event "Miedzynarodowy Turniej Szachowy w Kowale"]
[Site "UKS Orlik Kowalewo Pomorskie"]
[Date "2008.07.09"]
[Round "7.3"]
[White "Budrewicz, Krzysztof"]
[Black "Krasiewicz, Robert"]
[Result "1-0"]
[WhiteElo "2333"]
[BlackElo "2136"]
[PlyCount "89"]
[EventDate "2008.??.??"]

1. d4 f5 2. Bg5 g6 3. e3 Bg7 4. h4 d5 5. c4 c6 6. Nc3 h6 7. Bf4 Nf6 8. cxd5
Nxd5 9. Nge2 Be6 10. Nxd5 Bxd5 11. Nc3 Nd7 12. Rc1 Qa5 13. Qd2 Bf7 14. Be2 e5
15. dxe5 Nxe5 16. O-O Rd8 17. Qc2 O-O 18. Rfd1 Nc4 19. Bxc4 Bxc4 20. Bd6 Rfe8
21. b4 Qa6 22. a4 b5 23. a5 Qb7 24. Na4 Qf7 25. Nc5 Bd5 26. Bg3 Bf8 27. a6 Bxc5
28. Qxc5 Rd7 29. Rd4 Re4 30. Rcd1 Qe7 31. Qc3 Qd8 32. Rxe4 fxe4 33. Qe5 Qe7 34.
Qb8+ Qd8 35. Qf4 Qf8 36. Qg4 Qf5 37. Qe2 Bc4 38. Rxd7 Qxd7 39. Qb2 Be6 40. Qf6
Qf7 41. Qd8+ Kh7 42. Be5 g5 43. h5 Qg8 44. Qc7+ Qf7 45. Qb8 1-0

[Event "Miedzynarodowy Turniej Szachowy w Kowale"]
[Site "UKS Orlik Kowalewo Pomorskie"]
[Date "2008.07.09"]
[Round "7.4"]
[White "Kuchnio, Przemyslaw"]
[Black "Jaroch, Karol"]
[Result "0-1"]
[WhiteElo "2091"]
[BlackElo "2158"]
[PlyCount "146"]
[EventDate "2008.??.??"]

1. c4 f5 2. Nc3 Nf6 3. g3 e6 4. Bg2 d5 5. d4 c6 6. cxd5 exd5 7. Bg5 Bd6 8. e3
O-O 9. Nge2 Re8 10. O-O Bf8 11. Rc1 Nbd7 12. Qc2 h6 13. Bxf6 Nxf6 14. Nf4 Ne4
15. a3 g5 16. Nd3 Bd6 17. Rfe1 Re7 18. f3 Nxc3 19. Qxc3 Qe8 20. Kf2 h5 21. f4
h4 22. gxh4 g4 23. Kg1 Qh5 24. Qd2 Qxh4 25. Qf2 Qh6 26. Re2 Rh7 27. Qg3 Be7 28.
Bf1 Kh8 29. Ne5 Be6 30. Rcc2 Rg8 31. Red2 Bh4 32. Qg2 Bf7 33. b3 Bh5 34. Rc1 a6
35. Rdc2 Be7 36. a4 Be8 37. Bd3 Qe6 38. Bf1 Rh3 39. Qe2 Bh5 40. Qd3 Rh4 41. Rg2
Rg7 42. Qc2 Be8 43. Bd3 Rh5 44. Re1 Bh4 45. Ree2 g3 46. Kh1 Rgh7 47. Rd2 gxh2
48. Be2 R5h6 49. Bd3 Rf6 50. Qc5 Bh5 51. Be2 Be8 52. Bd3 a5 53. Rb2 Qc8 54.
Qxa5 Rfh6 55. Qc5 Be7 56. Qc2 Rh5 57. Qb1 Qe6 58. Rbd2 Qf6 59. Rdf2 R7h6 60.
Qc1 Bb4 61. Qc2 Ba5 62. Qe2 Qe7 63. Rg3 Qf6 64. Rfg2 Bf7 65. Qc2 Bb4 66. Nxf7+
Qxf7 67. Rg8+ Qxg8 68. Rxg8+ Kxg8 69. Bxf5 Rf6 70. Bg4 Rh4 71. Bf3 Kg7 72. Qd3
Rg6 73. Bg2 Rxg2 0-1